000 00622nam a2200181Ia 4500
008 090630s9999 xx 000 0 und d
082 _b16322
100 _aवाळिंबे शरच्चंद्र.
245 _aपुतळी.
_cवाळिंबे शरच्चंद्र.
260 _bचंद्रमौळी - पुणे.
300 _a0
600 _aवाळिंबे शरच्चंद्र.
630 _aपुतळी.
655 _aकादंबरी.
700 _aवाळिंबे शरच्चंद्र.
730 _aपुतळी.
942 _cBOOK
999 _c268178
_d268178